Методология научных исследований: учебник для бакалавриата и магистратуры

Bibliographische Detailangaben
1. Verfasser: Горелов Н. А. Николай Афанасьевич
Körperschaft: Санкт-Петербургский государственный экономический университет (СПбГЭУ)
Weitere Verfasser: Круглов Д. В. Дмитрий Валерьевич
Zusammenfassung:В учебнике с системных позиций рассмотрены основные вопросы курса: философский аспект развития науки, методология научного познания, методы научного исследования, особенности изучения экономиче­ских процессов, организационные основы исследований, системы поиска, накопления и обработки научной информации, требования к написанию научных работ студентами, применение теории решения изобретательских задач и др. Книга раскрывает основные формы и методы индивидуальной и коллективной деятельности студентов.
Sprache:Russisch
Veröffentlicht: Москва, Юрайт, 2016
Schriftenreihe:Бакалавр и магистр. Академический курс
Schlagworte:
Format: MixedMaterials Buch
KOHA link:https://koha.lib.tpu.ru/cgi-bin/koha/opac-detail.pl?biblionumber=315198

MARC

LEADER 00000nam0a2200000 4500
001 315198
005 20231102002744.0
010 |a 9785991666428 
035 |a (RuTPU)RU\TPU\book\340631 
090 |a 315198 
100 |a 20160226d2016 m y0rusy50 ca 
101 0 |a rus 
102 |a RU 
105 |a y j 001zy 
200 1 |a Методология научных исследований  |e учебник для бакалавриата и магистратуры  |f Н. А. Горелов, Д. В. Круглов  |g Санкт-Петербургский государственный экономический университет (СПбГЭУ) 
210 |a Москва  |c Юрайт  |d 2016 
215 |a 290 с. 
225 1 |a Бакалавр и магистр. Академический курс 
320 |a Библиогр. в конце гл. 
320 |a Глоссарий: с. 263-290. 
330 |a В учебнике с системных позиций рассмотрены основные вопросы курса: философский аспект развития науки, методология научного познания, методы научного исследования, особенности изучения экономиче­ских процессов, организационные основы исследований, системы поиска, накопления и обработки научной информации, требования к написанию научных работ студентами, применение теории решения изобретательских задач и др. Книга раскрывает основные формы и методы индивидуальной и коллективной деятельности студентов. 
606 1 |a Научные исследования  |x Методика  |2 stltpush  |3 (RuTPU)RU\TPU\subj\67927  |9 83519 
610 1 |a наука 
610 1 |a методология 
610 1 |a философские знания 
610 1 |a история 
610 1 |a научное познание 
610 1 |a образование 
610 1 |a 21 век 
610 1 |a креативность 
610 1 |a экономические исследования 
610 1 |a научно-исследовательские работы 
610 1 |a выпускные квалификационные работы 
610 1 |a научная информация 
610 1 |a национальная система квалификаций 
610 1 |a коучинг 
610 1 |a учебники 
686 |a Ч215.3я73  |v LBC/SL-A  |2 rubbk 
700 1 |a Горелов  |b Н. А.  |g Николай Афанасьевич 
701 1 |a Круглов  |b Д. В.  |g Дмитрий Валерьевич 
712 0 2 |a Санкт-Петербургский государственный экономический университет (СПбГЭУ)  |2 stltpush  |3 (RuTPU)RU\TPU\col\18811 
801 1 |a RU  |b 63413507  |c 20160226 
801 2 |a RU  |b 63413507  |c 20160406  |g RCR 
900 |a Методология научных исследований 
942 |c BK 
951 |l 8.1  |l 8.3 
959 |a 24/20160224  |d 3  |e 519,00  |f ЧЗГЛ:1  |f УФ:2